00590nam a22001457a 4500020001800000082001900018100002600037245005900063260014200122526003700264650001300301942001200314999001900326952009900345 a969-415-059-0 a923.15491bAHM aAhmed, Dr Riaz946183 aMadar-I-Millat Mohtarma Fatima Jinnah/cAhmed, Dr Riaz aIslamabad,bMr. Mehr Abdul Rashid, Publication officer National institute of historical and cultural research center of excellence c2003 a0b0c0d923_154910000000000_AHM aMCE9379 2ddccBK c549527d549527 00102ddc4070aMCEbMCEd2014-09-29l0o923.15491 AHMpMCE-35118r2014-09-29w2014-09-29yBK